معجم العلوم الاجتماعية / (Record no. 8031)
[ view plain ]
| 000 -الفاتح | |
|---|---|
| حقل البيانات ثابتة الطول | 00891nac a22001691u 4500 |
| 008 - عناصر البيانات ثابتة الطول - معلومات عامة | |
| حقل البيانات ثابتة الطول | 080922s1975 xxu||||| |||| 00| 0 ara d |
| 082 ## - رقم تصنيف ديوى العشرى | |
| رقم التصنيف | 303 |
| رقم المادة | ع ل و |
| 245 ## - بيان العنوان | |
| العنوان | معجم العلوم الاجتماعية / |
| بيان المسئوليه,etc | تصدير ومراجعة إبراهيم مدكور ؛ إعداد نخبة من الاساتذة المصريين والعرب المتخصصين |
| 260 ## - PUBLICATION, DISTRIBUTION, ETC. (IMPRINT) | |
| مكان الناشر او الموزع | القاهرة : |
| اسم الناشر او الموزع | الهيئة المصرية العامة للكتاب ،1975 |
| تاريخ النشر أو التوزيع | 1975. |
| 300 ## - الوصف المادى | |
| التعداد | 702 ص ؛ |
| أبعاد الوعاء | 32 سم. |
| 511 ## - | |
| -- | Catalogued by: Sara |
| 650 ## - المدخل الاضافى بالموضوع-مصطلح موضوعى | |
| مصطلح موضوعي أو اسم جغرافي كعنصر مدخل | العلوم الإجتماعية |
| 9 (RLIN) | 20704 |
| التقسيم الفرعي الشكلي | معاجم |
| 700 ## - المدخل الاضافى - اسم شخصى | |
| الإسم الشخصى | مدكور ، إبراهيم |
| 9 (RLIN) | 20703 |
| الدور | تصدير ومراجعة |
| 710 ## - المدخل الاضافى - اسم هيئه | |
| اسم الهيئة أو اسم السلطة كمدخل | UNISCO |
| 9 (RLIN) | 20706 |
| 942 ## - عناصر المدخل الإضافي( كوها) | |
| Koha [default] item type | Book - Borrowing |
| سابقة رقم الطلب | 303ع ل و |
| مصدر التصنيف او مخطط الترفيف | Dewey Decimal Classification |
| حالة التراجع | حالة الفقد | مصدر التصنيف او خطة الترفيف | حالة تلف | ليس للاعارة | مجموعات كوها | المكان الدائم | المكان الحالي | موقع الترفيف | تاريخ الاكتساب | Source of acquisition | رقم الاستدعاء | الباركود | Date last seen | مُعار | نوع الوعاء |
|---|---|---|---|---|---|---|---|---|---|---|---|---|---|---|---|
| Dewey Decimal Classification | Central Library | Central Library | First floor | 19/02/2008 | 303 ع ل و | 000009817 | 15/07/2025 | 08/12/2013 | Book - Borrowing |